000 00271nam a22001217a 4500
008 180301b xxu||||| |||| 00| 0 eng d
041 _aeng
080 _a617
100 _a5
101 _aKIR
245 _aTextbook Study Guide of Surgery
_cButner, A.N
942 _2udc
_cBK
999 _c43851
_d43851